Normal view MARC view

Entry Término temático

Number of records used in: 1

001 - NÚMERO DE CONTROL

  • campo de control: 15021

003 - IDENTIFICADOR DE NÚMERO DE CONTROL

  • campo de control: SpMaBN

005 - FECHA Y HORA DE LA ÚLTIMA TRANSACCIÓN

  • campo de control: 20250831030833.0

008 - ELEMENTOS DE DATO DE LONGITUD-FIJA

  • campo de control de longitud fija: 030812 n anznnbabn a ana

016 ## - NÚMERO DE CONTROL DE UNA AGENCIA BIBLIOGRÁFICA NACIONAL

  • Número de control del registro: BNE20032272665

024 7# - IDENTIFICADOR DE OTROS ESTÁNDARES

  • Número estándar o código: http://id.loc.gov/authorities/subjects/sh85127512
  • Fuente: lcsh

024 7# - IDENTIFICADOR DE OTROS ESTÁNDARES

  • Número estándar o código: http://data.bnf.fr/ark:/12148/cb121359060
  • Fuente: rameau

040 ## - FUENTE DE CATALOGACIÓN

  • Centro catalogador/agencia de origen: SpMaBN
  • Lengua de catalogación: spa
  • Centro/agencia transcriptor: SpMaBN
  • Normas de descripción: rdc
  • Convención/Normas de encabezamiento de materia/tesauro: embne

042 ## - CÓDIGO DE AUTENTICACIÓN

  • Código de autenticación: 200309101024PCMPBC BNEP 00

080 ## - NÚMERO DE LA CLASIFICACIÓN DECIMAL UNIVERSAL

  • Número de la Clasificación Decimal Universal: 681.511
  • Identificador de la edición: mrf12

150 ## - ENCABEZAMIENTO--TÉRMINO DE MATERIA

  • Término de materia o nombre geográfico como elemento de entrada: Métodos del espacio de estado

450 ## - TRAZADO DE VÉASE--TÉRMINO DE MATERIA

  • Término de materia o nombre geográfico como elemento de entrada: Espacio de estado, Métodos del

550 ## - TRAZADO VÉASE ADEMÁS--TÉRMINO DE MATERIA

  • Término de materia o nombre geográfico como elemento de entrada: Análisis de sistemas

670 ## - FUENTE DE DATOS ENCONTRADOS

  • Cita de la fuente: LCSH
  • Información encontrada: (State-space methods)

670 ## - FUENTE DE DATOS ENCONTRADOS

  • Cita de la fuente: CSIC
  • Información encontrada: (Métodos del espacio de estado)

670 ## - FUENTE DE DATOS ENCONTRADOS

  • Cita de la fuente: RAMEAU
  • Información encontrada: (Espace d'état, Méthodes de l')

750 #7 - ENTRADA DE ENLACE DE ENCABEZAMIENTO ESTABLECIDO--TÉRMINO DE MATERIA

  • Término de materia o nombre geográfico como elemento de entrada: Espace des états, Méthodes de l'
  • Fuente del encabezamiento o término: rameau

750 #7 - ENTRADA DE ENLACE DE ENCABEZAMIENTO ESTABLECIDO--TÉRMINO DE MATERIA

  • Término de materia o nombre geográfico como elemento de entrada: State-space methods
  • Fuente del encabezamiento o término: lcsh